000 02531nam a22005297a 4500
001 12082569
003 OSt
005 20210419082540.0
008 000627s2001 nyuafg b 001 0 eng
010 _a 00057922
016 7 _a101091428
_2DNLM
020 _a0465041752 (alk. paper)
020 _a9780465041756 (alk. paper)
020 _a0465041760 (pbk.)
020 _a9780465041763 (pbk.)
035 _a(OCoLC)ocm44579006
035 _a(OCoLC)44579006
040 _aDLC
_cDLC
_dC#P
_dCPA
_dNLM
_dMUQ
_dBAKER
_dNLGGC
_dBTCTA
_dYDXCP
_dZLI
_dOCLCG
_dDLC
_beng
041 _aeng
042 _apcc
050 0 0 _aQL785
_b.W126 2001
060 0 0 _a2001 D-568
060 1 0 _aQL 785
_bW111a 2001
080 _a59
_bW-11
082 0 0 _a156
_221
084 _a77.51
_2bcl
100 1 _aWaal, F. B. M. de
_q(Frans B. M.),
_d1948-
245 1 4 _aThe ape and the sushi master :
_bcultural reflections by a primatologist /
_c/ by: Basic Books
250 _a1st edition
260 _aNew York
_bBasic Books
_cc2001.
300 _aviii, 433 p., [16] p. of plates
_bill., music
_c22 cm.
365 _b26 usd
504 _aIncludes bibliographical references (p. 389-405) and index.
505 0 0 _tWhole animal : childhood talismans and excessive fear of anthropomorphism --
_tFate of gurus : when silverbacks become stumbling blocks --
_tBonobos and fig leaves : primate hippies in a Puritan landscape --
_tAnimal art : would you hang a Congo on the wall? --
_tPredicting Mount Fuji, and a visit to Koshima, where the monkeys salt their potatoes --
_tLast rubicon : can other animals have culture? --
_tNutcracker Suite : reliance on culture in nature --
_tCultural naturals : tea and Tibetan macaques --
_tApes with self-esteem : Abraham Maslow and the taboo on power --
_tSurvival of the kindest : of selfish genes and unselfish dogs --
_tDown with dualism! : two millennia of debate about human goodness.
650 0 _aPsychology, Comparative.
650 0 _aZoology
_9466
650 0 _aAnimal behavior.
650 0 _aHuman behavior.
650 1 2 _aPsychology, Comparative.
650 2 2 _aBehavior, Animal.
650 2 2 _aBehavior.
653 _aზოოლოგია
856 4 2 _3Publisher description
_uhttp://www.loc.gov/catdir/enhancements/fy0830/00057922-d.html
906 _a7
_bcbc
_corignew
_d1
_eocip
_f20
_gy-gencatlg
942 _2udc
_cBK
_e1
999 _c1824
_d1824